000 01159nam a2200217 a 4500
003 AM-YEHGA
005 20250617160342.0
008 180614s1960 ru ab|||r|||||001|0|rus||
040 _aAM-YeHGA
041 0 _arus
245 0 0 _aОчерки истории Марийской АССР. (1917-1960 гг.) /
_c[Ред. коллегия: доц., канд. ист. наук А.В. Хлебников (отв. ред.) и др.]; Марийский науч.-исслед. ин-т языка, литературы и истории.
260 _aЙошкар-Ола :
_b[Маркнигоиздат],
_c1960.
300 _a450 с., 1 л. портр., 3 л. карт. :
_bил. ;
_c21 см.
504 _aБиблиогр. в подстроч. примеч.
650 1 4 _aИстория России
653 0 _aМарийская АССР - История
700 1 _aХлебников, Алексей Васильевич
_eред.
_4edt
710 2 _aМарийский научно-исследовательский институт языка, литературы и истории (Йошкар-Ола
942 _2udc
_cBK
090 _c454459
999 _c451519
_d451519